Statistiques concernant Tous les candidats aux élections présidentielles de la Ve république

Cliquez ici pour prendre le quiz!

Statistiques générales

  • Ce quiz a été pris 150 fois
  • Le résultat moyen est 68 sur 117

Statistiques - réponses

AnnéeParti PolitiqueRéponse% Correct
2017FNMarine Le Pen
98%
2012FNMarine Le Pen
98%
2022RNMarine Le Pen
98%
2022LREMEmmanuel Macron
97%
2017EMEmmanuel Macron
97%
2007FNJean-Marie Le Pen
97%
1988FNJean-marie Le Pen
97%
1974FNJean-Marie Le Pen
97%
1995FNJean-Marie Le Pen
97%
2002FNJean-Marie Le Pen
97%
2012PSFrançois Hollande
95%
1988RFRJacques Chirac
95%
1995RPRJacques Chirac
95%
1981RFRJacques Chirac
95%
2002RPRJacques Chirac
95%
2012UMPNicolas Sarkozy
95%
2007UMPNicolas Sarkozy
95%
1981PSFrançois Mitterand
93%
1974PSFrançois Mitterand
93%
1965CIRFrançois Mitterand
93%
1988PSFrançois Mitterand
93%
1965UNR-UDTCharles de Gaulle
91%
1958UNRCharles de Gaulle
91%
2012NPAPhilippe Poutou
91%
2017NPAPhilippe Poutou
91%
2022NPAPhilippe Poutou
91%
2022LRValérie Pecresse
89%
2022PSAnne Hidalgo
86%
1974FNRIValéry Giscard d'Estaing
86%
1981UDFValéry Giscard d'Estaing
86%
2012LONathalie Arthaud
83%
2017LONathalie Arthaud
83%
2022LONathalie Arthaud
83%
2017LRFrançois Fillon
81%
1969UDRGeorges Pompidou
81%
2012PGJean-Luc Mélanchon
80%
2022LFIJean-Luc Mélanchon
80%
2017LFIJean-Luc Mélanchon
80%
2022RECEric Zemmour
79%
2007PSSégolène Royal
79%
2002UDFFrançois Bayrou
78%
2007UDFFrançois Bayrou
78%
2012MoDemFrançois Bayrou
78%
2002PSLionel Jospin
78%
1995PSLionel Jospin
78%
2017PSBenoît Hamon
77%
2022PCFFabien Roussel
77%
2022RESJean Lasalle
74%
2017RESJean Lasalle
74%
2017DLFNicolas Dupont-Aignan
74%
2012DLRNicolas Dupont-Aignan
74%
2022DLFNicolas Dupont-Aignan
74%
2012EELVEva Joly
71%
2022EELVyannick Jadot
71%
2017UPRFrançois Asselineau
67%
2007LOArlette Laguiller
61%
2002LOArlette Laguiller
61%
1981LOArlette Laguiller
61%
1974LOArlette Laguiller
61%
1988LOArlette Laguiller
61%
1995LOArlette Laguiller
61%
1995RPREdouard Balladur
60%
2017SPJacques Cheminade
60%
2012SPJacques Cheminade
60%
1995FNSJacques Cheminade
60%
2002PRGChristina Taubira
59%
2002LCROlivier Besancenot
58%
2007LCROlivier Besancenot
58%
2002PCFRobert Hue
54%
1995PCFRobert Hue
54%
1981PCFGeorges Marchais
53%
1969CDAlain Poher
50%
2007MPFPhilippe de Villiers
49%
1995MPFPhilippe de Villiers
49%
2002MDCJean-Pierre Chevènement
43%
2002LVNoël Mamère
43%
1974UDRJacques Chaban-Delmas
39%
2007PCFMarie-George Buffet
39%
1969PSUMichel Rocard
39%
2007DVGJosé Bové
38%
1988UDFRaymond Barre
38%
2002MNRBruno Mégret
37%
2007LVDominique Voynet
37%
1995LVDominique Voynet
37%
1981RFRMichel Debré
31%
2002Cap21Corinne Lepage
30%
2002FRSChristine Boutin
29%
2002DLAlain Madelin
28%
2007CPNTFrédéric Nihous
28%
2007PTGérard Schivardi
28%
1969LCAlain Krivine
27%
1974LCRAlain Krivine
27%
1965MRPJean Lecanuet
25%
1969SFIOGaston Defferre
24%
2002CPNTJean Saint-Josse
24%
1988LVAntoine Waechter
22%
2002PTDaniel Gluckstein
19%
1965CTVJean-louis Tixier-Vignancour
19%
1969PCFJacques Duclos
18%
1974ECORené Dumont
18%
1988PCFAndré Lajoinie
16%
1981MEPBrice Lalonde
15%
1981RFRMarie-France Garaud
15%
1965INDMarcel Barbu
11%
1988NGSEAPierre Juquin
11%
1981PSUHuguette Bouchardeau
10%
1974DVDJean Royer
10%
1981MRGMiche Crépeau
9%
1974NAFBertrand Renouvin
8%
1988MPPTPierre Boussel
8%
1958UFDAlbert Châtelet
6%
1958PCFGeorges Marrane
6%
1974MDSFEmile Muller
5%
1974PFEGuy Héraud
5%
1974MFEJean-Claude Sebag
5%
1965PLEPierre Marcilhacy
5%
1969DVGLouis Ducatel
4%

Distribution des résultats

Percentile par nombre de réponses

% des personnes avec chaque résultat

Votre développement - résultats

Vous n’avez pas pris ce quiz